000 00705nam a2200277Ia 4500
005 20260324143808.0
008 008 260324s9999 xx 000 0 eng d
020 _a9781315803074
037 _aEBOOK
040 _aCRL
040 _beng
040 _cCRL
041 _2eng
041 _aeng
084 _qCRL
100 _aMary A. Stephens; Janis H. Crowther; Daniel L. Tennenbaum; Stevan E. Hobfoll
_91216951
245 0 _aStress And Coping In Later-Life Families
260 _bTaylor and Francis
260 _c1990
365 _a
365 _b195
856 _uhttp://www.taylorfrancis.com/books/9781315803074
942 _cEBOOK
999 _c1822776
_d1822776